00602nam a2200193Ia 4500001001000000003000500010008004100015010001100056040000900067100001700076245010600093260006700199300000900266650002300275650001800298700002300316700002100339710004800360Para_1273CHAP220125s2000 xx 000 0 und d a199981 cCHAP aReyes F., J. aThe mexican fruit fly eradication programme /c by J. Reyes F., G. Santiago M. and P. Hernández M. aMéxico, D.F. :b Comisión Nacional de Sanidad Agropecuaria a4 p. aAnastrepha ludens  aFrutaxplagas aHernández M., P. aSantiago M., G.  aComisión Nacional de Sanidad Agropecuaria